| 000 | 00354nam a2200133Ia 4500 | ||
|---|---|---|---|
| 008 | 210430s9999 xx 000 0 und d | ||
| 020 | _a9788120345416 | ||
| 082 | _a660.28422 S615M | ||
| 100 |
_aSinha, A.P. _954888 |
||
| 245 |
_aMass Transfer: _cSinha, A.P. |
||
| 260 |
_aNew Dehli. _bPHI Learning Pvt Ltd. _c2012 |
||
| 300 | _a672p. | ||
| 942 |
_cREF _2ddc |
||
| 999 |
_c565783 _d565783 |
||